000 00778nam a2200217 a 4500
999 _c4113
_d4113
001 4113
003 BD-JhCC
005 20171122210329.0
008 171122s1980 bg |||| ||a| 00| 0 en d
035 _a(BD-JhCC)4113
040 _aBD-JhCC
_dBD-JhCC
041 _aben
082 _a954
_bCHA 1980
100 _aচৌধুরী, মো: মোস্তফা
245 _aভারতের মুসলিম স্থাপত্য :
_bপ্রামাণ্য ভ্রমন কাহিনী /
_cমো: মোস্তফা চৌধুরী
260 _aঢাকা :
_bইসলামিক ফাউন্ডেশন বাংলাদেশ,
_c1980.
300 _a35 p. :
_c21 cm.
650 _aMuslim Architecture
942 _2ddc
_cBK